000 00178 a2200085 4500
020 _a9781523469369
100 _aRATH, SUDIPTA
245 _aTHE REAL YOU
260 _bPOTHI.COM
_c2016
999 _c218424
_d218424